<?xml version="1.0" encoding="UTF-8"?>
<record
    xmlns:xsi="http://www.w3.org/2001/XMLSchema-instance"
    xsi:schemaLocation="http://www.loc.gov/MARC21/slim http://www.loc.gov/standards/marcxml/schema/MARC21slim.xsd"
    xmlns="http://www.loc.gov/MARC21/slim">

  <leader>00713nam a22001577a 4500</leader>
  <controlfield tag="003">OSt</controlfield>
  <controlfield tag="005">20221125152827.0</controlfield>
  <controlfield tag="008">151024b        xxu||||| |||| 00| 0 eng d</controlfield>
  <datafield tag="040" ind1=" " ind2=" ">
    <subfield code="c">RUA</subfield>
  </datafield>
  <datafield tag="082" ind1=" " ind2=" ">
    <subfield code="a">AVM DAS 2013 B543 Or.1</subfield>
  </datafield>
  <datafield tag="100" ind1=" " ind2=" ">
    <subfield code="9">2743</subfield>
    <subfield code="a">DY, SYDOEURN.</subfield>
  </datafield>
  <datafield tag="245" ind1=" " ind2=" ">
    <subfield code="a">study on prevalence of gastrointestinal parasites of cattle in phom tamao cattle experiment station (&#x1780;&#x17B6;&#x179A;&#x179F;&#x17B7;&#x1780;&#x17D2;&#x179F;&#x17B6;&#x1796;&#x17B8;&#x1780;&#x1798;&#x17D2;&#x179A;&#x17B7;&#x178F;&#x179A;&#x17B6;&#x179B;&#x178A;&#x17B6;&#x179B;&#x1793;&#x17C3;&#x1794;&#x179A;&#x17B6;&#x179F;&#x17B7;&#x178F;&#x1793;&#x17C5;&#x1780;&#x17D2;&#x1793;&#x17BB;&#x1784;&#x1780;&#x17D2;&#x179A;&#x1796;&#x17C7;&#x1796;&#x17C4;&#x17C7;&#x179C;&#x17C0;&#x1793;&#x1782;&#x17C4; &#x1793;&#x17C5;&#x179F;&#x17D2;&#x1790;&#x17B6;&#x1793;&#x17B8;&#x1799;&#x17CD;&#x1796;&#x17B7;&#x179F;&#x17C4;&#x1792;&#x1793;&#x17CD;&#x1796;&#x17BC;&#x1787;&#x1782;&#x17C4;&#x1797;&#x17D2;&#x1793;&#x17C6;&#x178F;&#x17B6;&#x1798;&#x17C9;&#x17C5;)</subfield>
  </datafield>
  <datafield tag="260" ind1=" " ind2=" ">
    <subfield code="a">Phnom Penh</subfield>
    <subfield code="b">RUA</subfield>
    <subfield code="c">2013</subfield>
  </datafield>
  <datafield tag="300" ind1=" " ind2=" ">
    <subfield code="a">xi, 39p.</subfield>
    <subfield code="b">ill.</subfield>
    <subfield code="c">29cm.</subfield>
  </datafield>
  <datafield tag="942" ind1=" " ind2=" ">
    <subfield code="2">ddc</subfield>
    <subfield code="c">AVM</subfield>
  </datafield>
  <datafield tag="999" ind1=" " ind2=" ">
    <subfield code="c">2566</subfield>
    <subfield code="d">2566</subfield>
  </datafield>
  <datafield tag="952" ind1=" " ind2=" ">
    <subfield code="0">0</subfield>
    <subfield code="1">0</subfield>
    <subfield code="2">ddc</subfield>
    <subfield code="4">0</subfield>
    <subfield code="6">AVM_DA_2013_000000000000000_B104_OR_1</subfield>
    <subfield code="7">0</subfield>
    <subfield code="9">11872</subfield>
    <subfield code="a">LBB</subfield>
    <subfield code="b">LBB</subfield>
    <subfield code="c">B104</subfield>
    <subfield code="d">2015-10-24</subfield>
    <subfield code="l">5</subfield>
    <subfield code="m">2</subfield>
    <subfield code="o">AVM DA 2013 B104 Or.1</subfield>
    <subfield code="p">RUA017699</subfield>
    <subfield code="r">2018-06-22</subfield>
    <subfield code="s">2018-06-11</subfield>
    <subfield code="w">2015-10-24</subfield>
    <subfield code="y">AVM</subfield>
  </datafield>
  <datafield tag="952" ind1=" " ind2=" ">
    <subfield code="0">0</subfield>
    <subfield code="1">0</subfield>
    <subfield code="2">ddc</subfield>
    <subfield code="4">0</subfield>
    <subfield code="6">AVM_DA_2013_000000000000000_B104_OR_2</subfield>
    <subfield code="7">0</subfield>
    <subfield code="9">11873</subfield>
    <subfield code="a">LBB</subfield>
    <subfield code="b">LBB</subfield>
    <subfield code="c">B104</subfield>
    <subfield code="d">2015-10-24</subfield>
    <subfield code="o">AVM DA 2013 B104 Or.2</subfield>
    <subfield code="p">RUA017763</subfield>
    <subfield code="r">2015-10-24</subfield>
    <subfield code="w">2015-10-24</subfield>
    <subfield code="y">AVM</subfield>
  </datafield>
  <datafield tag="952" ind1=" " ind2=" ">
    <subfield code="0">0</subfield>
    <subfield code="1">0</subfield>
    <subfield code="2">ddc</subfield>
    <subfield code="4">0</subfield>
    <subfield code="6">AVM_DA_2013_000000000000000_B104_OR_3</subfield>
    <subfield code="7">0</subfield>
    <subfield code="9">11874</subfield>
    <subfield code="a">LBB</subfield>
    <subfield code="b">LBB</subfield>
    <subfield code="c">B104</subfield>
    <subfield code="d">2015-10-24</subfield>
    <subfield code="l">5</subfield>
    <subfield code="m">4</subfield>
    <subfield code="o">AVM DA 2013 B104 Or.3</subfield>
    <subfield code="p">RUA017691</subfield>
    <subfield code="r">2018-07-10</subfield>
    <subfield code="s">2018-05-28</subfield>
    <subfield code="w">2015-10-24</subfield>
    <subfield code="y">AVM</subfield>
  </datafield>
  <datafield tag="952" ind1=" " ind2=" ">
    <subfield code="0">0</subfield>
    <subfield code="1">0</subfield>
    <subfield code="2">ddc</subfield>
    <subfield code="4">0</subfield>
    <subfield code="6">AVM_DA_2013_000000000000000_B104_OR_4</subfield>
    <subfield code="7">0</subfield>
    <subfield code="9">11875</subfield>
    <subfield code="a">LBB</subfield>
    <subfield code="b">LBB</subfield>
    <subfield code="c">B104</subfield>
    <subfield code="d">2015-10-24</subfield>
    <subfield code="l">4</subfield>
    <subfield code="m">3</subfield>
    <subfield code="o">AVM DA 2013 B104 Or.4</subfield>
    <subfield code="p">RUA017619</subfield>
    <subfield code="r">2018-03-21</subfield>
    <subfield code="s">2018-02-09</subfield>
    <subfield code="w">2015-10-24</subfield>
    <subfield code="y">AVM</subfield>
  </datafield>
  <datafield tag="952" ind1=" " ind2=" ">
    <subfield code="0">0</subfield>
    <subfield code="1">0</subfield>
    <subfield code="2">ddc</subfield>
    <subfield code="4">0</subfield>
    <subfield code="6">AVM_DA_2013_000000000000000_B104_OR_5</subfield>
    <subfield code="7">0</subfield>
    <subfield code="9">11876</subfield>
    <subfield code="a">LBB</subfield>
    <subfield code="b">LBB</subfield>
    <subfield code="c">B104</subfield>
    <subfield code="d">2015-10-24</subfield>
    <subfield code="o">AVM DA 2013 B104 Or.5</subfield>
    <subfield code="p">RUA017547</subfield>
    <subfield code="r">2015-10-24</subfield>
    <subfield code="w">2015-10-24</subfield>
    <subfield code="y">AVM</subfield>
  </datafield>
  <datafield tag="952" ind1=" " ind2=" ">
    <subfield code="0">0</subfield>
    <subfield code="1">0</subfield>
    <subfield code="2">ddc</subfield>
    <subfield code="4">0</subfield>
    <subfield code="6">AVM_DA_2013_000000000000000_B104_OR_6</subfield>
    <subfield code="7">0</subfield>
    <subfield code="9">13754</subfield>
    <subfield code="a">LBB</subfield>
    <subfield code="b">LBB</subfield>
    <subfield code="c">B104</subfield>
    <subfield code="d">2015-10-28</subfield>
    <subfield code="l">3</subfield>
    <subfield code="o">AVM DA 2013 B104 Or.6</subfield>
    <subfield code="p">RUA018236</subfield>
    <subfield code="r">2017-02-13</subfield>
    <subfield code="s">2016-12-27</subfield>
    <subfield code="w">2015-10-28</subfield>
    <subfield code="y">AVM</subfield>
  </datafield>
  <datafield tag="952" ind1=" " ind2=" ">
    <subfield code="0">0</subfield>
    <subfield code="1">0</subfield>
    <subfield code="2">ddc</subfield>
    <subfield code="4">0</subfield>
    <subfield code="6">AVM_DA_2013_000000000000000_B104_OR_7</subfield>
    <subfield code="7">0</subfield>
    <subfield code="9">36991</subfield>
    <subfield code="a">LBB</subfield>
    <subfield code="b">LBB</subfield>
    <subfield code="c">B104</subfield>
    <subfield code="d">2016-02-03</subfield>
    <subfield code="l">2</subfield>
    <subfield code="o">AVM DA 2013 B104 Or.7</subfield>
    <subfield code="p">RUA051967</subfield>
    <subfield code="q">2017-02-01</subfield>
    <subfield code="r">2016-12-27</subfield>
    <subfield code="s">2016-12-27</subfield>
    <subfield code="w">2016-02-03</subfield>
    <subfield code="y">AVM</subfield>
  </datafield>
  <datafield tag="952" ind1=" " ind2=" ">
    <subfield code="0">0</subfield>
    <subfield code="1">0</subfield>
    <subfield code="2">ddc</subfield>
    <subfield code="4">0</subfield>
    <subfield code="6">AVM_DA_2013_000000000000000_B104_OR_8</subfield>
    <subfield code="7">0</subfield>
    <subfield code="9">49502</subfield>
    <subfield code="a">LBB</subfield>
    <subfield code="b">LBB</subfield>
    <subfield code="d">2016-08-14</subfield>
    <subfield code="l">2</subfield>
    <subfield code="o">AVM DA 2013 B104 Or.8</subfield>
    <subfield code="p">RUA018215</subfield>
    <subfield code="r">2019-11-27</subfield>
    <subfield code="s">2019-10-21</subfield>
    <subfield code="w">2016-08-14</subfield>
    <subfield code="y">AVM</subfield>
  </datafield>
  <datafield tag="952" ind1=" " ind2=" ">
    <subfield code="0">0</subfield>
    <subfield code="1">0</subfield>
    <subfield code="2">ddc</subfield>
    <subfield code="4">0</subfield>
    <subfield code="6">AVM_DAS_2013_000000000000000_B543_OR_1</subfield>
    <subfield code="7">0</subfield>
    <subfield code="9">92017</subfield>
    <subfield code="a">LBB</subfield>
    <subfield code="b">LBB</subfield>
    <subfield code="d">2022-10-25</subfield>
    <subfield code="o">AVM DAS 2013 B543 Or.1</subfield>
    <subfield code="p">a35830</subfield>
    <subfield code="r">2022-10-25</subfield>
    <subfield code="w">2022-10-25</subfield>
    <subfield code="y">AVM</subfield>
  </datafield>
  <datafield tag="952" ind1=" " ind2=" ">
    <subfield code="0">0</subfield>
    <subfield code="1">0</subfield>
    <subfield code="2">ddc</subfield>
    <subfield code="4">0</subfield>
    <subfield code="6">AVM_DAS_2013_000000000000000_B543_OR_1</subfield>
    <subfield code="7">0</subfield>
    <subfield code="9">92018</subfield>
    <subfield code="a">LBB</subfield>
    <subfield code="b">LBB</subfield>
    <subfield code="d">2022-10-25</subfield>
    <subfield code="o">AVM DAS 2013 B543 Or.1</subfield>
    <subfield code="p">a37281</subfield>
    <subfield code="r">2022-10-25</subfield>
    <subfield code="w">2022-10-25</subfield>
    <subfield code="y">AVM</subfield>
  </datafield>
  <datafield tag="952" ind1=" " ind2=" ">
    <subfield code="0">0</subfield>
    <subfield code="1">0</subfield>
    <subfield code="2">ddc</subfield>
    <subfield code="4">0</subfield>
    <subfield code="6">AVM_DAS_2013_000000000000000_B543_OR_1</subfield>
    <subfield code="7">0</subfield>
    <subfield code="9">92019</subfield>
    <subfield code="a">LBB</subfield>
    <subfield code="b">LBB</subfield>
    <subfield code="d">2022-10-25</subfield>
    <subfield code="o">AVM DAS 2013 B543 Or.1</subfield>
    <subfield code="p">a37431</subfield>
    <subfield code="r">2022-10-25</subfield>
    <subfield code="w">2022-10-25</subfield>
    <subfield code="y">AVM</subfield>
  </datafield>
</record>
